000 01270cam a2200337 a 4500
999 _c234281
_d234281
001 12644658
003 Nust
005 20170316173408.0
008 020115s2002 nyu 000 1 eng
010 _a 2002016950
020 _a9781444704587
040 _aDLC
_cDLC
_dDLC
043 _an-us-me
050 0 0 _aPS3566.I372
_bP47 2002
082 0 0 _a813.54
_bPIC
100 1 _aPicoult, Jodi,
_d1966-
245 1 0 _aPerfect match /
_cJodi Picoult.
260 _aNew York :
_bAtria Books,
_c2002.
300 _avi, 388 p. ;
_c24 cm.
650 0 _aSexually abused children
_vFiction.
650 0 _aPublic prosecutors
_vFiction.
650 0 _aMothers and sons
_vFiction.
650 0 _aWomen murderers
_vFiction.
650 0 _aMarried women
_vFiction.
650 0 _aWomen lawyers
_vFiction.
651 0 _aMaine
_vFiction.
655 7 _aDomestic fiction.
_2lcsh
655 7 _aLegal stories.
_2gsafd
906 _a7
_bcbc
_corignew
_d1
_eocip
_f20
_gy-gencatlg
942 _2ddc
_cBK